Celebrity jako odrůda značek

Zavedenie ľudskej značky a potreba koncepcie jej komunikačnej politiky. Brand manažéri a presadzovanie identity ľudskej značky. Recipročný vzťah medzi celebritami a médiami. Vplyv médií na dĺžku životného cyklu ľudskej značky. Ľudské značky a public relation. Pokračovanie v budúcom čísle.

Saved in:
Bibliographic Details
Main Author: Kahoun, Filip
Format: Book Chapter
Language:Czech
Subjects:
Tags: Add Tag
No Tags, Be the first to tag this record!

MARC

LEADER 00000naa$a2200000$$$4500
001 0021921
005 20231018124102.8
041 0 |a cze 
044 |a CZ 
245 1 0 |a Celebrity jako odrůda značek  |c Filip Kahoun 
520 |a Zavedenie ľudskej značky a potreba koncepcie jej komunikačnej politiky. Brand manažéri a presadzovanie identity ľudskej značky. Recipročný vzťah medzi celebritami a médiami. Vplyv médií na dĺžku životného cyklu ľudskej značky. Ľudské značky a public relation. Pokračovanie v budúcom čísle. 
610 2 0 |a značky výrobkov 
610 2 0 |a značky kvality 
610 2 0 |a marketing 
610 2 0 |a reklama 
610 2 0 |a médiá 
610 2 0 |a hudba 
610 2 0 |a šport 
610 2 0 |a politika 
610 2 0 |a osobnosť 
100 1 |a Kahoun, Filip